|
|
|
|
| LEADER |
00000nam a2200000Ii 4500 |
| 001 |
DIGUNAU0029 |
| 003 |
NyNyDIG |
| 006 |
m o d |
| 007 |
cr ||||||||||| |
| 008 |
140301s2012 ck ob 000 0 spa d |
| 020 |
|
|
|z 9588366607
|
| 020 |
|
|
|z 9789588366609
|
| 035 |
|
|
|a (OCoLC)888247562
|
| 040 |
|
|
|a DGITA
|b eng
|e pn
|c DGITA
|
| 050 |
1 |
4 |
|a PQ8549.B3 eBook
|
| 100 |
1 |
|
|a Bello, Andrés,
|d 1781-1865.
|
| 245 |
1 |
0 |
|a Alocución a la poesía :
|b fragmentos del poema "América" /
|c Andrés Bello ; introducción, Juan Guillermo Gómez García.
|
| 250 |
|
|
|a 1. ed.
|
| 264 |
|
1 |
|a Medellín, Colombia :
|b Ediciones Universidad Autónoma Latinoamericana (UNAULA),
|c 2012.
|
| 300 |
|
|
|a 1 online resource (87 pages)
|
| 336 |
|
|
|a text
|b txt
|2 rdacontent
|
| 337 |
|
|
|a computer
|b c
|2 rdamedia
|
| 338 |
|
|
|a online resource
|b cr
|2 rdacarrier
|
| 490 |
1 |
|
|a Cuadernos de cultura latinoamericana ;
|v 1.
|
| 504 |
|
|
|a Includes bibliographical references.
|
| 655 |
|
0 |
|a Electronic books.
|
| 700 |
1 |
|
|a Gómez García, Juan Guillermo.
|
| 791 |
2 |
|
|a Digitalia (Firm),
|e distributor.
|
| 830 |
|
0 |
|a Cuadernos de cultura latinoamericana ;
|v 1.
|
| 793 |
0 |
|
|g Digitalia eBook Collection:
|a Ediciones UNAULA.
|
| 856 |
4 |
0 |
|3 Digitalia Hispánica
|u https://www.digitaliapublishing.com/a/19820/
|
| 910 |
|
|
|a Premium Collection: 2007-2012
|